|
|
|
|
| LEADER |
01778nam a2200337 a 4500 |
| 001 |
8314 |
| 003 |
BD-DhAAL |
| 008 |
010105s1992 bg b 001 0 eng d |
| 999 |
|
|
|c 6704
|d 6704
|
| 010 |
|
|
|a \\\92912039
|
| 020 |
|
|
|a 9840511971 :
|c Tk250.00
|
| 040 |
|
|
|a DLC
|c DLC
|d DLC
|d BD-DhAAL
|
| 082 |
0 |
4 |
|a 320.95492
|2 20
|
| 100 |
1 |
|
|a Ziring, Lawrence,
|d 1928-
|9 25024
|
| 245 |
1 |
0 |
|a Bangladesh from Mujib to Ershad :
|b an interpretive study /
|c Lawrence Ziring.
|
| 250 |
|
|
|a First edition
|
| 260 |
|
|
|a Dhaka :
|b University Press,
|c 1992 [Reprinted 1994]
|
| 300 |
|
|
|a x, 228 pages ;
|c 23 cm.
|
| 504 |
|
|
|a Includes bibliographical references and index.
|
| 526 |
|
|
|a BIED
|
| 541 |
1 |
|
|a Donated By Akbar Ali Khan
|e 8314, 35747, 38746
|
| 600 |
0 |
0 |
|a Mujibur Rahman,
|c Sheikh,
|d 1920-1975.
|9 25025
|
| 600 |
1 |
0 |
|a Ershad, Hussain Muhammad,
|d 1930-
|9 25026
|
| 650 |
|
|
|a Social science
|9 37169
|
| 651 |
|
0 |
|a Bangladesh
|x Politics and government
|y 1971
|9 25027
|
| 852 |
4 |
|
|a Ayesha Abed Library
|c General Stacks
|
| 942 |
|
|
|2 ddc
|c BK
|
| 952 |
|
|
|0 0
|1 0
|2 ddc
|4 0
|6 320_954920000000000_ZIR_1992
|7 0
|9 6880
|a BRACUL
|b BRACUL
|c GEN
|d 2010-01-06
|l 6
|m 32
|o 320.95492 ZIR
|p 3010008314
|r 2019-10-24
|s 2019-09-15
|t 1
|w 2010-01-06
|y BK
|
| 952 |
|
|
|0 0
|1 0
|2 ddc
|4 0
|6 320_954920000000000_ZIR
|7 0
|9 42901
|a SCL
|b SCL
|c GEN
|d 1998-11-14
|g 220.00
|l 4
|m 3
|o 320.95492 ZIR
|p 3020000556
|r 2023-03-28
|s 2023-03-26
|t 2
|w 2014-07-06
|y BK
|
| 952 |
|
|
|0 0
|1 0
|2 ddc
|4 0
|6 320_954920000000000_ZIR
|7 0
|9 67170
|a BRACUL
|b BRACUL
|c GEN
|d 2019-11-17
|e Complimentary copy from BIED
|l 1
|o 320.95492 ZIR
|p 3010035747
|r 2024-10-23
|s 2024-10-17
|t 3
|w 2019-11-17
|y BK
|x Transferred from BIED to General Stacks
|
| 952 |
|
|
|0 0
|1 0
|2 ddc
|4 0
|6 320_954920000000000_ZIR
|7 1
|9 70846
|a BRACUL
|b BRACUL
|c CS1
|d 2022-06-08
|e Donated by Akbar Ali Khan
|l 0
|o 320.95492 ZIR
|p 3010038746
|r 2022-06-08
|t 4
|w 2022-06-08
|y BK
|